MESTSKÁ KNIŽNICA GIRALTOVCE  - online katalóg 

Dejiny král̕ovstva uhorského : (Record no. 23293)

000 -NÁVESTIE
fixed length control field 00577cam a2200181 a 4500
001 - EVIDENČNÉ ČÍSLO ZÁZNAMU - Kontrolné číslo
control field 17470174
005 - DÁTUM A ČAS POSLEDNEJ TRANSAKCIE
control field 20220823091451.0
008 - ÚDAJE S PEVNOU DĹŽKOU – VŠEOBECNÉ INFORMÁCIE
fixed length control field 120921s2012 xo b 000 0 slo
020 ## - MEDZINÁRODNÉ ŠTANDARDNÉ ČÍSLO KNIHY (ISBN)
Medzinárodné štandardné číslo knihy (ISBN) 9788055604077
020 ## - MEDZINÁRODNÉ ŠTANDARDNÉ ČÍSLO KNIHY (ISBN)
Medzinárodné štandardné číslo knihy (ISBN) 805560407X
040 ## - ZDROJ KATALOGIZÁCIE
Pôvodná katalogizujúca agentúra DLC
Prepisujúca agentúra DLC
100 1# - OSOBNÉ MENÁ – VŠEOBECNÉ INFORMÁCIE
Osobné meno Záborský, Jonáš,
Dátumy súvisiace s menom 1812-1876.
-- 3281
245 10 - NÁZOV
Názov Dejiny král̕ovstva uhorského :
Zvyšok názvu od počiatku do časov Žigmundových /
Údaj o zodpovednosti atď. vypravuje Jonáš Záborský.
250 ## - ÚDAJ O PORADÍ VYDANIA
Údaj o poradí vydania 1. slovenské vyd.
260 ## - VYDAVATEĽSKÉ ÚDAJE, DISTRIBÚCIA ATĎ.
Miesto publikovania, distribúcie atď. Bratislava :
Názov vydavateľa, distibútora atď. Slovart,
Dátum publikovania, distribúcie atď. 2012.
300 ## - FYZICKÝ POPIS
Rozsah xxvi, 706 p. ;
Rozmery 24 cm.
651 #0 - PRIDANÝ VSTUP – PREDMET – GEOGRAFICKÝ NÁZOV
Geografický názov Hungary
Všeobecný pododdiel History.
-- 2987
Holdings
Stav stiahnutia (Blokovanie) (Withrawn status) Stav straty Zdroj klasifikácie pre skladovanie Stav poškodenia (Damaged status) Nie pre výpožičky (Not for loan) Spôsob nadobudnutia (Collection code) Trvalé umiestnenie Aktuálne umiestnenie Dátum nadobudnutia Inventárne číslo (prírastkové číslo) Celkom výpožičky Full call number Čiarový kód Dátum posledného výskytu Dátum poslednej výpôžičky Cena s účinnosťou od Typ jednotky Koha
          Dar Mestská knižnica Giraltovce Mestská knižnica Giraltovce 2022-08-23 21626 2 S1530 S1530 2026-06-23 2026-01-16 2022-08-23 Odborná literatúra pre dospelých

Powered by Koha